Đi thăm đất nước

Kaydedildi:
Detaylı Bibliyografya
Yazar: Hoàng Đạo Thúy
Materyal Türü: Kitap
Dil:Undetermined
Baskı/Yayın Bilgisi: Hà Nội Văn hóa 1978
Konular:
Etiketler: Etiketle
Etiket eklenmemiş, İlk siz ekleyin!
Thư viện lưu trữ: Trung tâm Học liệu Trường Đại học Cần Thơ
LEADER 00479nam a2200169Ia 4500
001 CTU_10376
008 210402s9999 xx 000 0 und d
082 |a 915.97 
082 |b Th523 
100 |a Hoàng Đạo Thúy 
245 0 |a Đi thăm đất nước 
245 0 |c Hoàng Đạo Thúy 
260 |a Hà Nội 
260 |b Văn hóa 
260 |c 1978 
650 |a vietnam - description and travel 
980 |a Trung tâm Học liệu Trường Đại học Cần Thơ